Kompendium neodkladné péče

Bibliographic Details
Main Authors: Bernadič, Marián, 1952- (Author), Počta, Jaroslav, 1923-2006 (Author)
Format: Article
Language:Slovak
Subjects:

MARC

LEADER 00000nab a2200000 a 4500
001 vtls000623433
003 SK-MaSNL
005 20260304183036.0
008 250425c1997 xo 0 slo
015 |a SNBRB19rr/mm-uuuuu 
035 |a CL0623572 
035 |a urn:nbn:sk:snk-ab6sw5 
035 |a (uuid)afb825fa-a00a-4a03-86d6-17e0a2c58d3c 
035 |a (urnnbn)urn:nbn:sk:snk:ar-a05oqx 
035 |a (sysno)vtls000623433 
040 |a SNKBUCL  |b slo  |c SNKBUCL  |e AACR2 
041 0 |a slo 
044 |a xo  |c SK 
080 |a 616-083  |2 1981 
100 1 |a Bernadič, Marián,  |d 1952-  |4 aut  |9 137185 
245 1 0 |a Kompendium neodkladné péče  |c M. Bernadič 
650 0 7 |a intenzívna starostlivosť  |2 snkbucl  |9 66540 
655 7 |a články z novín a časopisov  |2 snkbucl  |9 267496 
700 1 |a Počta, Jaroslav,  |d 1923-2006  |4 aut  |9 42473 
773 0 |t Rheumatologia  |g Roč. 11, č. 1 (1997), s. 68 
787 0 8 |i Rec.:  |a Počta, Jaroslav  |t Kompendium neodkladné péče  |d Praha : Grada Publishing, 1996 
850 |a Slovenská národná knižnica 
852 |a Slovenská národná knižnica 
954 |a odborná, vedecká literatúra pôvodná (slovenská)  |2 lita 
958 |a article27 
958 |a MI 
958 |a RK 
958 |a OND 
958 |a EUIPO 
992 |a RBX 
999 |c 3032813  |d 3034743